000 00453nam a2200121Ia 4500
008 171212s9999 xx 000 0 und d
100 _aGramazio, Fabio;Kohler, Matthias;Langenberg, Silke
245 _cGramazio, Fabio;Kohler, Matthias;Langenberg, Silke
_aFabricate 2014
_bNegotiating Design & Making
260 _bUCL Press
_c2017
440 _aFabricate
650 _aArchitecture & Architectural History
856 _uhttp://jstor.org/stable/j.ctt1tp3c5w
999 _c352867
_d352867